مكتبة جامعة عجلون الوطنية

فهرس بحث المكتبة

Normal view MARC view
  • الدبيس ، ماجد مصطفى شامان ؛ مراجعة: هاني العمد

Entry Personal Name

Number of records used in: 1

001 - CONTROL NUMBER

  • control field: 22608

003 - CONTROL NUMBER IDENTIFIER

  • control field: JO-AjAnu

005 - DATE AND TIME OF LATEST TRANSACTION

  • control field: 20230606073911.0

008 - FIXED-LENGTH DATA ELEMENTS

  • fixed length control field: 230606|| aca||aabn | a|a d

040 ## - CATALOGING SOURCE

  • Original cataloging agency: JO-AjAnu
  • Transcribing agency: JO-AjAnu

100 ## - HEADING--PERSONAL NAME

  • Personal name: الدبيس ، ماجد مصطفى شامان ؛ مراجعة: هاني العمد

670 ## - SOURCE DATA FOUND

  • Source citation: Work cat.: (JO-AjAnu)11620: الدبيس ، ماجد مصطفى شامان ؛ مراجعة: هاني العمد, author, علم المكتبات وما يحتاجه امين المكتبة